1636 1667 1062 1638 1152 1519 1427 1920 1508 1009 1861 1621 1236 1908 1474 1429 1667 1681 1069 1923 1298 1876 1374 1283 1979 1373 1766 1934 1318 1495 1725 1903 1020 1121 1902 1312 1486 1925 1984 1742 1501 1801 1107 1269 1577 1218 1689 1693 1704 1799 1859 1806 1299 1205 1939 1245 1060 1706 1781 1594 1740 1659 1933 1137 1165 1242 1047 1369 1778 1629 1520 1156 1921 1749 1838 1058 1154 1005 1068 1723 1078 1258 1011 1471 1201 1507 1975 1302 1527 1596 1393 1942 1372 1635 1089 1675 1322 1292 1560 BCNSPRNW ULIB Ver.6.0+V

เปลี่ยนเป็นภาษาไทย

Change to English
 แสดงรายละเอียดบรรณานุกรม
  กลับหน้าหลัก

Brief Record : Get Marc (ISO 2709) : E-mail record : QR code < ปิดหน้าต่าง
LEADER : 00000nam 2200000uu 4500
001    13399128581
003     ULIB
008    230912s2562||||th 000 0 tha d
020    ^a9786164261457
060 04 ^aWJ342^bส282ก
100 0  ^aสมศักดิ์ โทจำปา
245 10 ^aการจัดการตนเองเพื่อชะลอการเสื่อมของไตจากเบาหวาน /^cสมศักดิ์ โทจำปา
250    ^aพิมพ์ครั้งที่ 1
260    ^aพิษณุโลก :^bสำนักพิมพ์มหาวิทยาลัยนเรศาร,^c2562
300    ^a129 หน้า :^bภาพประกอบ ;^c21 ซม.
500    ^aผู้ใหญ่
505 0  ^aโรคไตวายเรื้อรังเป็นปัญหาสำคัญทางสาธารณสุข ซึ่งมีโรคเบาหวานเป็นหนึ่งในสาเหตุหลักอันดับต้น ๆ ดังนั้น ผู้ป่วยโรคเบาหวานจึงต้องได้รับการดูแลเป็นพิเศษเพื่อชะลอการเสื่อมของไต ทั้งนี้หากผู้ป่วยเบาหวาน ได้รับการส่งเสริมและป้องกันการเสื่อมของไตอย่างถูกต้องจะช่วยชะลอการเกิดภาวะแทรกซ้อนทางไต อันจะทำให้คุณภาพชีวิตของผู้ป่วยดีขึ้น หนังสือเล่มนี้ นำเสนอแนวทางในการปฏิบัติงานของเจ้าหน้าที่ พยาบาล นิสิตและนักศึกษา เพื่อการส่งเสริมการจัดการตนเองของผู้ป่วยเบาหวาน 4 ด้าน คือ ด้านอาหาร ด้านอารมณ์ ด้านการออกกำลังกายและด้านการรักษาและการใช้ยา
650  4 ^aไตวาย^xภาวะแทรกซ้อน
650  4 ^aไตวายเรื้อรัง
650  0 ^aไตวายเฉียบพลัน
945    ^p200^l0^i29777
945    ^p200^l0^i29778
999    ^aกัณชพร จุลอักษร
รายการนี้ยังไม่มีแท็ก
คุณยังไม่ได้ล็อกอิน คุณสามารถมีกิจกรรมร่วมกับเว็บไซต์ได้ แต่ต้องล็อกอินก่อน ::
  ล็อกอิน

รายการสื่อสารสนเทศ

ลำดับที่ ประเภท เลขเรียก/บาร์โค้ด สถานที่ สถานะ
1. หนังสือสำรอง
หนังสือสำรอง
WJ342 ส282ก ฉ.1 
  Barcode: 29777
ห้องสมุดวิทยาเขตนครสวรรค์
►หนังสือทั่วไป:l:General Books
บนชั้น
2. วิทยาศาสตร์การแพทย์ และสุขภาพ
วิทยาศาสตร์การแพทย์ และสุขภาพ
WJ342 ส282ก ฉ.2 
  Barcode: 29778
ห้องสมุดวิทยาเขตนครสวรรค์
►หนังสือทั่วไป:l:General Books
บนชั้น

รายการใกล้เคียง
    ผู้แต่ง [สมศักดิ์ โทจำปา]

    หัวเรื่อง [ไตวายเรื้อรัง]
    หัวเรื่อง [ไตวายเฉียบพลัน]

BibComment


ยังไม่เคยถูกคอมเมนท์

คอมเมนท์ทรัพยากรรายการนี้
  คอมเมนท์: การจัดการตนเองเพ..


 Copyright 2026. Bcnsprnw @Library